00806nam a22002177a 4500003000500000005001700005008004100022010001000063011001000073035001000083040000900093082001400102111011500116245009000231260006600321300003200387490006300419650002200482650002100504830006300525CHAP20220329134823.0971013s1973 mx r 10010 d a26491 a27463 a31564 cCHAP a634.5bC500aConferencias de Productores de Nuez de la República Méxicana. Ciclo (n1d: 1973c: Piedras Negras, Coah.)10aPonencias del ciclo de conferecnias de productores de nuez de la República Mexicana aMéxico, D. F. :bComisión Nacional de Fruticultura,c1973 a158 p. :bgráfs., cuadros aComisión Nacional de Fruticultura. Serie técnicav; 1014aNogalxCongresos.14aNuezxCongresos.0 aComisión Nacional de Fruticultura. Serie técnicav; 10